How to study the Bible. (Record no. 3801)

000 -LEADER
fixed length control field 00515nam a2200181 a 4500
001 - CONTROL NUMBER
control field :::00001536$&:&@@
003 - CONTROL NUMBER IDENTIFIER
control field OkBaRHE
005 - DATE AND TIME OF LATEST TRANSACTION
control field 20000607103244.0
008 - FIXED-LENGTH DATA ELEMENTS--GENERAL INFORMATION
fixed length control field s1971 j 000 0 eng u
040 ## - CATALOGING SOURCE
Transcribing agency
100 1# - MAIN ENTRY--PERSONAL NAME
Personal name De Haan, Richard W.
245 10 - TITLE STATEMENT
Title How to study the Bible.
260 ## - PUBLICATION, DISTRIBUTION, ETC. (IMPRINT)
Place of publication, distribution, etc Grand Rapids, MI., :
Name of publisher, distributor, etc Radio Bible Class
Date of publication, distribution, etc c1971
300 ## - PHYSICAL DESCRIPTION
Extent 32 p.
650 ## - SUBJECT ADDED ENTRY--TOPICAL TERM
Topical term or geographic name as entry element Bible Study
942 ## - ADDED ENTRY ELEMENTS (KOHA)
Source of classification or shelving scheme
Koha item type Books
Copies
Withdrawn status Price effective from Date acquired Shelving location Date last seen Barcode Damaged status Lost status Permanent Location Source of classification or shelving scheme Copy number Not for loan Koha item type Full call number
 2010-04-142010-04-14General Stacks2010-04-141536  RHEMA Bible Training College 1 BooksBS 600 .D4